00706nam a22001937a 4500999001900000005001700019010001500036020002900051035001400080037001300094082001600107100002300123245007600146260004500222270005700267300002000324942003000344952013800374 c188490d18849020220525110350.0 aENG-132802 a978-9381632-47-5c700.00 aEN-116334 bDBAD/PUB a305.4095452 aSharma Vijay Kumar aChanging face of Rural Women in Himachal Himalayas/cVijay Kumar Sharma aNew DelhibSatyam Publishing Housec2013 bNew DelhiaN-3/25, Mohan Garden, Uttam Nagare110059 a188pc22cm(hbk) 2ddccENh305.4095452mSHA 001040708NFICaPRbPRd2022-05-25eDBAD/PUBg700.00l0o305.4095452 SHApEN-116334r2022-05-25 00:00:00t1v700.00w2022-05-25yEN